Catálogo público

Extracción, cuantificación y valoración biológica del extracto de hojas de Larrea tridentata (Sessé & Moc. Ex DC.) coville para uso como agente biocida / (Record no. 219145)

MARC details
000 -CABECERA
campo de control de longitud fija 01183nam a22002417a 4500
003 - IDENTIFICADOR DEL NÚMERO DE CONTROL
campo de control OSt
005 - FECHA Y HORA DE LA ÚLTIMA TRANSACCIÓN
campo de control 20230914095802.0
007 - CAMPO FIJO DE DESCRIPCIÓN FÍSICA--INFORMACIÓN GENERAL
campo de control de longitud fija t|
008 - DATOS DE LONGITUD FIJA--INFORMACIÓN GENERAL
campo de control de longitud fija 230912s2017 mx a|||frm||| 001 0 spa d
040 ## - FUENTE DE LA CATALOGACIÓN
Centro catalogador/agencia de origen CHAP
090 ## - LOCALMENTE ASIGNADO TIPO-LC NÚMERO DE CLASIFICACIÓN (OCLC); NÚMERO DE CLASIFICACIÓN LOCAL (RLIN)
Número de clasificación (OCLC) (R) ; Numero de clasificación, CALL (RLIN) (NR) Tesis
100 1# - ENTRADA PRINCIPAL--NOMBRE DE PERSONA
9 (RLIN) 67645
Nombre de persona López Aguirre, Samuel
245 10 - MENCIÓN DE TÍTULO
Título Extracción, cuantificación y valoración biológica del extracto de hojas de Larrea tridentata (Sessé & Moc. Ex DC.) coville para uso como agente biocida /
Mención de responsabilidad, etc. por Samuel López Aguirre ; director de tesis Juan Carlos García López.
264 #1 - PRODUCCIÓN, PUBLICACIÓN, DISTRIBUCIÓN, FABRICACIÓN Y COPYRIGHT
Producción, publicación, distribución, fabricación y copyright San Luis Potosí :
Nombre del de productor, editor, distribuidor, fabricante El autor,
Fecha de producción, publicación, distribución, fabricación o copyright 2017.
300 ## - DESCRIPCIÓN FÍSICA
Extensión 82 hojas:
Otras características físicas cuadros, figuras, tablas.
502 ## - NOTA DE TESIS
Nota de tesis Tesis (Doctor en Ciencias Ambientales). -- Universidad Autónoma de San Luis Potosí. Facultad de Ciencias Químicas, Ingeniería y Medicina.
504 ## - NOTA DE BIBLIOGRAFÍA, ETC.
Nota de bibliografía, etc. Incluye referencias bibliográficas : páginas 30-36, 60-63, 79-81.
650 #4 - PUNTO DE ACCESO ADICIONAL DE MATERIA--TÉRMINO DE MATERIA
9 (RLIN) 187928
Término de materia o nombre geográfico como elemento de entrada Larrea tridentata como desinfectante
650 #4 - PUNTO DE ACCESO ADICIONAL DE MATERIA--TÉRMINO DE MATERIA
9 (RLIN) 132309
Término de materia o nombre geográfico como elemento de entrada Extractos vegetales
Subdivisión general Efecto en bacterias
650 #4 - PUNTO DE ACCESO ADICIONAL DE MATERIA--TÉRMINO DE MATERIA
Término de materia o nombre geográfico como elemento de entrada Extractos vegetales
Subdivisión general Efecto en aves
9 (RLIN) 187927
700 1# - PUNTO DE ACCESO ADICIONAL--NOMBRE DE PERSONA
9 (RLIN) 46220
Nombre de persona García López, Juan Carlos
Término indicativo de función/relación Director de tesis.
942 ## - ELEMENTOS DE PUNTO DE ACCESO ADICIONAL (KOHA)
Fuente del sistema de clasificación o colocación Clasificación Universidad Autónoma Chapingo
Tipo de ítem Koha Tesis
Holdings
Estado de retiro Estado de pérdida Fuente del sistema de clasificación o colocación Estado dañado Restricciones de uso No para préstamo Código de colección Localización permanente Ubicación/localización actual Ubicación en estantería Fecha de adquisición Total de préstamos Signatura topográfica completa Código de barras Fecha visto por última vez Precio válido a partir de Tipo de ítem Koha
    Clasificación Universidad Autónoma de Chapingo   Préstamo interno   Tesis Biblioteca Central Biblioteca Central Planta alta - Área de Tesis - Tesis 12/09/2023   Tesis 33724002565454 12/09/2023 12/09/2023 Tesis